000
00304nam a22001337a 4500
008
170405b xxu||||| |||| 00| 0 eng d
020
_a
9780316199926
041
_a
eng
080
_2
2ND
_a
616.34
100
_a
9
101
_a
SHM
245
_a
MANUAL OF GASTROENTEROLOGY
_c
EASTWOOK, G.L
942
_2
udc
_c
BK
999
_c
9839
_d
9839